Io. Alberti Fabricii... Bibliographia antiquaria sive introductio in notitiam scriptorum qui antiquitates hebraicas graecas romanas et christianas scriptis illustrarunt (Record no. 154008)
[ view plain ]
| 000 -LEADER | |
|---|---|
| campo de control de longitud fija | 01420nam a22002655i 4500 |
| 001 - NÚMERO DE CONTROL | |
| campo de control | 154008 |
| 003 - IDENTIFICADOR DE NÚMERO DE CONTROL | |
| campo de control | ES-MaACL |
| 005 - FECHA Y HORA DE LA ÚLTIMA TRANSACCIÓN | |
| campo de control | 20230906205458.0 |
| 008 - DATOS DE LONGITUD FIJA--INFORMACIÓN GENERAL | |
| campo de control de longitud fija | 950524s1760 gw |||| | lat d |
| 040 ## - FUENTE DE CATALOGACIÓN | |
| Centro catalogador/agencia de origen | CAM |
| Lengua de catalogación | spa |
| Centro/agencia transcriptor | CAM |
| 100 1# - ENTRADA PRINCIPAL--NOMBRE DE PERSONA | |
| Nombre de persona | Fabricius, Johann Albert. |
| 9 (RLIN) | 48577 |
| 245 10 - MENCIÓN DEL TÍTULO | |
| Título | Io. Alberti Fabricii... Bibliographia antiquaria sive introductio in notitiam scriptorum qui antiquitates hebraicas graecas romanas et christianas scriptis illustrarunt |
| Resto del título | : [volumen primum-secundum]. |
| 250 ## - MENCION DE EDICION | |
| Mención de edición | Editio tertia ex mscpto B. auctorus insigniter locupletata et recentissimorum scriptorum recensione / aucta studio et opera Pauli Schaffshausen P.P. |
| 260 ## - PUBLICACIÓN, DISTRIBUCIÓN, ETC. | |
| Lugar de publicación, distribución, etc. | Hamburgi : |
| Nombre del editor, distribuidor, etc. | apud Ioannem Carolum Bohn, |
| Fecha de publicación, distribución, etc. | 1760. |
| 300 ## - DESCRIPCIÓN FÍSICA | |
| Extensión | 2 v. ([16], 630 [i.e. 626] ; [631]-1039, [117] p., [1] h. de grab.) ; |
| Dimensiones | 4º. |
| 530 ## - NOTA DISPONIBLE DE FORMULARIO FÍSICO ADICIONAL | |
| Nota de formato físico adicional disponible | Disponible en formato digital. |
| 595 ## - | |
| -- | Datos de ed. preceden a mención de resp. |
| 597 ## - NOTA DE DESCRIPCIÓN FÍSICA | |
| NOTA DE DESCRIPCIÓN FÍSICA | Sign.: [ ]1, *4, 2*3, A-3Z4, 4A-4I4, 4K1; A3, B-Z4, 2A-2Z4, 3A-3T4, 3V6. |
| 597 ## - NOTA DE DESCRIPCIÓN FÍSICA | |
| NOTA DE DESCRIPCIÓN FÍSICA | Error de pag., de p. 536 pasa a la 540. |
| 599 ## - NOTA A LAS ILUSTRACIONES | |
| NOTA A LAS ILUSTRACIONES | La h. de lám., grabado xilográfico a toda plana. |
| 650 #4 - PUNTO DE ACCESO ADICIONAL DE MATERIA--TÉRMINO DE MATERIA | |
| Término de materia o nombre geográfico como elemento de entrada | Literatura clásica- |
| Subdivisión de forma | Bibliografías . |
| 9 (RLIN) | 157581 |
| 700 1# - ENTRADA AGREGADA--NOMBRE PERSONAL | |
| Nombre de persona | Schaffshausen, Paulus. |
| 9 (RLIN) | 132532 |
| 852 ## - LOCALIZACIÓN | |
| Ubicación | ES-MaACL |
| Número de control de estantería | R-1068 |
| Nota libre | -- Enc. piel no original de la época |
| Encuadernación | Olim: G-6885 |
| 856 ## - LOCALIZACIÓN Y ACCESO ELECTRÓNICOS | |
| Identificador Uniforme de Recursos | <a href="http://bdh-rd.bne.es/viewer.vm?id=0000086720&page=1 ">http://bdh-rd.bne.es/viewer.vm?id=0000086720&page=1 </a> |
| Nota pública | Biblioteca Digital Hispánica |
| Estatus retirado | Estado de pérdida | Estado de daño | No para préstamo | Colección | Biblioteca de origen | Biblioteca actual | Ubicación en estantería | Fecha de adquisición | Fuente de adquisición | Total de préstamos | Signatura topográfica completa | Código de barras | Visto por última vez | Precio de reemplazo | Tipo de ítem Koha |
|---|---|---|---|---|---|---|---|---|---|---|---|---|---|---|---|
| Colección digital | Biblioteca del Ateneo de Madrid | Biblioteca del Ateneo de Madrid | Depósito | 17/01/2008 | R-1068 | 1161029 | 23/02/2023 | 23/02/2023 | Libro impreso antiguo |
